000 00581cam a2200145 4500500
005 20260208010607.0
041 _afre
042 _adc
100 1 0 _aDubray, Jean
_eauthor
245 0 0 _aJoëlle Zask, Art et démocratie. Peuples de l’art, Paris, PUF, 2003, coll. « Intervention philosophique », 220 p. 23 E.
260 _c2006.
500 _a27
786 0 _nRevue philosophique de la France et de l'étranger | 131 | 1 | 2006-03-01 | p. 77zx-138zx | 0035-3833
856 4 1 _uhttps://shs.cairn.info/revue-philosophique-2006-1-page-77zx?lang=fr&redirect-ssocas=7080
999 _c1657275
_d1657275